Prénoms commençant par la lettre "B" - Statistiques

Statistiques générales
  • Ce quiz a été pris 363 fois
  • Le résultat moyen est 6 sur 16
Statistiques - réponses
Indice Prénom % Correct
l'hermite Bernard
93%
l'aigle noir Barbara
65%
"BB" Brigitte
62%
aux grands pieds Berthe
60%
à l'aise Blaise
59%
Boop Betty
58%
cadet Benjamin
48%
vaut 2 temps Blanche
26%
chapeau Bob
26%
la chenille Basile
21%
tranquille comme Baptiste
20%
patronne de Lyon Blandine
14%
13 février Béatrice
13%
18 février Bernadette
10%
doucereux Benoit
9%
très crédule Boniface
0%
Aucun quiz correspondant
Distribution des résultats
% des personnes avec chaque résultat
Percentile par nombre de réponses
Votre historique - résultats
Vous n’avez pas pris ce quiz